| 000 | 00859nam a22002057a 4500 | ||
|---|---|---|---|
| 999 |
_c1598 _d1598 |
||
| 003 | AR-CdUCM | ||
| 008 | 190227b ||||| |||| 00| 0 spa d | ||
| 040 |
_aMUNICIPALIDAD PROVINCIAL DEL CUSCO _cBIBLIOTECA MUNICIPAL DEL CUSCO |
||
| 082 |
_a375.42 / _bSA161 |
||
| 100 |
_aSalazar Bondy, Sebastian _9906 |
||
| 245 |
_aArte milenario del Perú / _cSebastian Salazar Bondy |
||
| 260 |
_aLima : _bMinisterio de educación publica, _c1958. |
||
| 300 |
_a58 paginas ; _bFotografias. _c17 cm. |
||
| 505 | _aContenido: t.2 -- El arte en el Perú -- Arte prehispánico -- La cerámica Nasca -- La orfebrería precolombina -- La escultura Chavin -- Arte colonial -- Arte republicano ... | ||
| 650 |
_aArte peruano _95992 |
||
| 650 |
_aHistoria y crítica _95993 |
||
| 710 |
_aBiblioteca del estudiante peruano. _91672 |
||
| 942 |
_2ddc _cLIBROS |
||
| 945 |
_aacv _d2019-02-27 |
||